| 000 | 01598cam a22004097a 4500 | ||
|---|---|---|---|
| 003 | CHAP | ||
| 005 | 20220817043931.0 | ||
| 008 | 040402d2003 rs f00010 spa d | ||
| 010 | _a88216 | ||
| 011 | _a89188 | ||
| 035 | _a99739 | ||
| 040 | _cCHAP | ||
| 090 | _aCD-140 | ||
| 110 | 0 |
_aInstituto Nacional de Estadística, Geografía e Informática. México _959304 |
|
| 245 | 1 | 3 |
_aSistéma para la consulta de información del sector alimentario en México [Disco compacto] _c/por Instituto Nacional de Estadística, Geografía e Informática |
| 260 |
_aAguascalientes. Ags. : _bINEGI, _c200- |
||
| 300 |
_a1 disco compacto _c4 3/4 plgs. |
||
| 500 | _aLa biblioteca tiene : 2003, 2005, 2007 | ||
| 590 |
_aBATCH-UPD _b10 _c20130110 _lUCH01 _h0223 |
||
| 590 |
_aBATCH-UPD _b10 _c20130110 _lUCH01 _h1445 |
||
| 590 |
_aBATCH-UPD _b10 _c20130409 _lUCH01 _h2245 |
||
| 590 |
_aBATCH-UPD _b10 _c20130410 _lUCH01 _h1036 |
||
| 590 |
_aBATCH-UPD _b10 _c20130914 _lUCH01 _h0204 |
||
| 590 |
_aCONVERSION _b10 _c20130109 _lUCH01 _h1349 |
||
| 650 | 1 | 4 |
_aAgricultura _xEstadisticas _zMexico. |
| 650 | 1 | 4 |
_aAlimentos _xEstadísticas. _94219 |
| 650 | 1 | 4 |
_aCrédito agrícola _xEstadísticas. _929054 |
| 650 | 1 | 4 |
_aCultivos _xEstadísticas. _930269 |
| 650 | 1 | 4 |
_aGanado _xEstadísticas. _944913 |
| 650 | 1 | 4 |
_aSeguro agrícola _xEstadísticas. _9103702 |
| 901 | _aBK | ||
| 905 | _aMayto Villalobos S. | ||
| 942 | _cCD | ||
| 949 |
_aCD-140 (2005) _bBC _cCD _d33724000985891 _eCD _gDonaciØn _i99739 _sb |
||
| 949 |
_aCD-140 (2008) _bBC _cCD _d33724002096421 _eCD _i99739 _sb |
||
| 949 |
_aCD-140 _bBC _cCD _d33724000913281 _eCD _i99739 _sb |
||
| 999 |
_c88216 _d88216 |
||